Resumen de la historia de Chile
Guardat en:
| Autor principal: | |
|---|---|
| Format: | Llibre |
| Idioma: | espanyol |
| Publicat: |
Santiago
Zig-Zag
1984
|
| Edició: | 1a. ed |
| Matèries: | |
| Etiquetes: |
Afegir etiqueta
Sense etiquetes, Sigues el primer a etiquetar aquest registre!
|
MARC
| LEADER | 00000nam a2200000 a 4500 | ||
|---|---|---|---|
| 001 | UCW8186 | ||
| 003 | CL-VaPUC | ||
| 008 | 880630e19840000CL |||||||||||||||||spa|d | ||
| 082 | 0 | 4 | |a 983 |b ENC |2 21 |
| 100 | |a Encina, Francisco Antonio |e author |9 515542 | ||
| 245 | 1 | 0 | |a Resumen de la historia de Chile |
| 250 | |a 1a. ed | ||
| 300 | |a v | ||
| 942 | |c BK | ||
| 945 | |d 19880630 00:00:00 |a aalvarez | ||
| 260 | |a Santiago |b Zig-Zag |c 1984 | ||
| 650 | 0 | |a Historia |9 255047 | |
| 651 | 7 | |a CHILE |2 CL-VaPUC |9 313312 | |
| 583 | |a last modification |c 20160602 17:24:05 |k Rodrigo Vera | ||
| 999 | |c 220645 |d 220643 | ||